00979cam a22002893a 4500001000500000005001700005008004100022020002200063020001800085020002500103040003500128050001700163082000800180100002700188245004200215260003500257300002300292490002100315490001800336490002300354490003200377505000800409520020200417521002000619521002000639655003000659102720230815152724.0120310s1986 nyu jd 000 1 eng d a0590339508 (pbk.) a9780590224734 a9780590339506 (pbk.) aZRScZRSdZRSdOCLCGdDLCbeng00aPZ7.M3567585 aFic1 aMartin, Ann M.,d1955-10aKristy's great idea /cAnn M. Martin. aNew York :bScholastic,c1986. a153 pages :c20 cm0 aApple paperbacks0 aApple fiction0 aAn Apple paperback1 aThe Baby-sitters Club ;v#1 aP  aFollows the adventures of Kristy and the other members of the Baby-sitters Club as they deal with crank calls, uncontrollable two-year-olds, wild pets, and parents who do not always tell the truth. a640 bLexile  aP bRaz-Plus  7aChildren's stories.2lcsh